• 首页
  • 本馆介绍
  • 公告通知
  • 最新文献
  • 馆藏检索
  • 电子资源
  • 读者导购
  • 参考咨询
  • 我的图书馆
  • 登录
  • 详细信息显示
  • 放入我的书架
  • 预约/预借图书
  • 作者相关作品
  • 分类相关作品
  • 丛书相关作品
  • 出版社相关作品

书目信息

  • 表格格式
  • 工作单格式
  • 卡片格式
题名:
高职高专学生就业与创业指导
    
 
作者: 赵新娟 , 邢金龙 主编
分册:  
出版信息: 北京   北京交通大学出版社  2006
页数: 416页
开本: 21cm
丛书名:
单 册:
中图分类: G717.38
科图分类:
主题词: 高等教育--职业教育--毕业生--就业--教材 , 高等教育 , 职业教育 , 毕业生 , 就业
电子资源:
ISBN: 7-81082-724-3
000 01113nam0 2200289 450
001 1234065375
005 20121007092827.12
010    @a7-81082-724-3@dCNY22.00
100    @a20060104d2006 em y0chiy50 ea
101 0  @achi
102    @aCN@b110000
105    @ay z 000yy
200 1  @a高职高专学生就业与创业指导@Agao zhi gao zhuan xue sheng jiu ye yu chuang ye zhi dao@f赵新娟,邢金龙主编
210    @a北京@c北京交通大学出版社@d2006
215    @a416页@d21cm
300    @a全国高职高专教育精品规划教材
330    @a本教材共15章,分3篇。分别阐述了职业知识和选择、就业知识和技巧、创业构想和准备。教材最突出的特点是就业指导和创业教育不仅仅是针对毕业生,而是针对高职高专学生整个大学过程的指导,针对高职高专学生整个职业生涯的指导,使高职高专学生形成正确的价值观、职业观和道德观。
606 0  @a高等教育@x职业教育@x毕业生@x就业@j教材
606 0  @a高等教育
606 0  @a职业教育
606 0  @a毕业生
606 0  @a就业
690    @aG717.38@v4
701  0 @a赵新娟@Azhao xin juan@c(职业教育)@4主编
701  0 @a邢金龙@Axing jin long@4主编
801  0 @aCN@bNLC@c20101222
905    @a10447@dG717.38@eJY116
    
    高职高专学生就业与创业指导/赵新娟,邢金龙主编.-北京:北京交通大学出版社,2006
    416页;21cm
    全国高职高专教育精品规划教材
    
    ISBN 7-81082-724-3:CNY22.00
    本教材共15章,分3篇。分别阐述了职业知识和选择、就业知识和技巧、创业构想和准备。教材最突出的特点是就业指导和创业教育不仅仅是针对毕业生,而是针对高职高专学生整个大学过程的指导,针对高职高专学生整个职业生涯的指导,使高职高专学生形成正确的价值观、职业观和道德观。
●
相关链接 在E读中查询图书 在五车中查询图书 在当当中查询图书 在豆瓣中查询图书


正题名:高职高专学生就业与创业指导     索取号:G717.38/JY116         预约/预借

序号 登录号 条形码 馆藏地/架位号 状态 备注
1 7828348   278283484   学院路分馆/ [索取号:G717.38/JY116] 在馆    
唐山师范学院图书馆 欢迎您!
大连网信软件有限公司© 版权所有